书目信息 |
| 题名: |
房改目标、模式与运行
|
|
| 作者: | 戴香 , 孙武志 著 | |
| 分册: | ||
| 出版信息: | 北京 中国经济出版社 1991.12 |
|
| 页数: | 207页 | |
| 开本: | 21cm | |
| 丛书名: | ||
| 单 册: | ||
| 中图分类: | F293.3 | |
| 科图分类: | ||
| 主题词: | 城市经济:住宅经济 | |
| 电子资源: | ||
| ISBN: | 7-5017-1514-9 | |
| 000 | 00707nam0 2200217 45 | |
| 001 | 0404241097 | |
| 005 | 20050404141731.6 | |
| 010 | @a7-5017-1514-9@dCNY4.50 | |
| 100 | @a20040424d1991 km y0chiy0120 ea | |
| 101 | 0 | @achi |
| 105 | @a z 000yy | |
| 200 | 1 | @a房改目标、模式与运行@AFang Gai Mu Biao、Mo Shi Yu Yun Xing@e论“提租补贴”模式@ELun“Ti Zu Bu Tie”Mo Shi@f戴香,孙武志著@FDai Xiang,Sun Wu Zhi Zhu |
| 210 | @a北京@c中国经济出版社@d1991.12 | |
| 215 | @a207页@d21cm | |
| 517 | @a论“提租补贴”模式@ALun“Ti Zu Bu Tie”Mo Shi | |
| 606 | 0 | @a城市经济:住宅经济 |
| 690 | @aF293.3@v3 | |
| 701 | 0 | @a戴香@4著 |
| 701 | 0 | @a孙武志@4著 |
| 801 | @aCN@bTSTCL@c20040424 | |
| 905 | @dF293.3@e77@f1@b224833 | |
| 房改目标、模式与运行:论“提租补贴”模式/戴香,孙武志著.-北京:中国经济出版社,1991.12 |
| 207页;21cm |
| ISBN 7-5017-1514-9:CNY4.50 |
| ● |
| 相关链接 |
|
|
|
|
正题名:房改目标、模式与运行
索取号:F293.3/77
 
预约/预借
| 序号 | 登录号 | 条形码 | 馆藏地/架位号 | 状态 | 备注 |
| 1 | 0224833 | 002006046 | 密集书库/ [索取号:F293.3/77] | 在馆 | |
| 2 | 0224834 | 001270350 | 密集书库/ [索取号:F293.3/77] | 在馆 | |
| 3 | 0224835 | 001270369 | 密集书库/ [索取号:F293.3/77] | 在馆 | |
| 4 | 0224836 | 001270378 | 密集书库/ [索取号:F293.3/77] | 在馆 | |
| 5 | 0224837 | 001270332 | 密集书库/ [索取号:F293.3/77] | 在馆 | |
| 6 | 0224838 | 001270387 | 密集书库/ [索取号:F293.3/77] | 在馆 | |
| 7 | 0224839 | 000211611 | 密集书库/ [索取号:F293.3/77] | 在馆 | |
| 8 | 0224840 | 000211657 | 密集书库/ [索取号:F293.3/77] | 在馆 | |
| 9 | 0224841 | 000211229 | 密集书库/ [索取号:F293.3/77] | 在馆 |